MARC details
| 000 -LEADER |
| fixed length control field |
02902cam a22005057i 4500 |
| 001 - CONTROL NUMBER |
| JCCL Control Number |
14067 |
| 003 - CONTROL NUMBER IDENTIFIER |
| JCCL marc code |
BD-JhCC |
| 005 - DATE AND TIME OF LATEST TRANSACTION |
| control field |
20240914083420.0 |
| 008 - FIXED-LENGTH DATA ELEMENTS--GENERAL INFORMATION |
| fixed length control field |
160822s2016 orua f 000 0 eng d |
| 020 ## - INTERNATIONAL STANDARD BOOK NUMBER |
| International Standard Book Number |
9781942788003 |
| 035 ## - SYSTEM CONTROL NUMBER |
| system control number |
(OCoLC)14067 |
| 040 ## - CATALOGING SOURCE |
| Original cataloging agency |
BTCTA |
| Description conventions |
rda |
| Transcribing agency |
BTCTA |
| Modifying agency |
YDXCP |
| -- |
BDX |
| -- |
OCLCQ |
| -- |
CPL |
| -- |
NBO |
| -- |
OCLCF |
| -- |
QBX |
| -- |
GO3 |
| -- |
OCLCA |
| -- |
Z35 |
| -- |
CHVBK |
| -- |
OCLCO |
| -- |
BKL |
| -- |
OCL |
| -- |
OCLCA |
| -- |
QQ3 |
| -- |
DLC |
| 041 ## - LANGUAGE CODE |
| Language code of Book |
eng |
| 050 00 - LIBRARY OF CONGRESS CALL NUMBER |
| Classification number |
QA76.76.D47 |
| Item number |
K555 2016 |
| 082 04 - DEWEY DECIMAL CLASSIFICATION NUMBER |
| Classification number |
005.12 |
| DDC Edition number |
23 |
| Author mark and Year |
KIM 2016 |
| 100 1# - MAIN ENTRY--PERSONAL NAME |
| Personal name |
Kim, Gene, |
| 245 14 - TITLE STATEMENT |
| Title |
The DevOps handbook : |
| Remainder of title |
how to create world-class agility, reliability, & security in technology organizations / |
| Statement of responsibility, etc |
by Gene Kim, Jez Humble, Patrick Debois, and John Willis ; foreword by John Allspaw. |
| 246 30 - VARYING FORM OF TITLE |
| Title proper/short title |
Dev ops handbook |
| 250 ## - EDITION STATEMENT |
| Edition statement |
First edition. |
| 260 ## - PUBLICATION, DISTRIBUTION, ETC. (IMPRINT) |
| Place of publication, distribution, etc |
Portland: |
| Name of publisher, distributor, etc |
IT Revolution Press; |
| Date of publication, distribution, etc |
2016. |
| 300 ## - PHYSICAL DESCRIPTION |
| Pagination |
xxxvii, 437 pages : |
| Other physical details |
color illustrations ; |
| Dimensions |
23 cm |
| 500 ## - GENERAL NOTE |
| General note |
Includes bibliographical references (pages 366-407) and index. |
| 504 ## - BIBLIOGRAPHY, ETC. NOTE |
| Bibliography, etc |
Includes bibliographical references and index. |
| 520 ## - SUMMARY, ETC. |
| Summary, etc |
"Increase profitability, elevate work culture, and exceed productivity goals through DevOps practices. More than ever, the effective management of technology is critical for business competitiveness. For decades, technology leaders have struggled to balance agility, reliability, and security. The consequences of failure have never been greater--whether it's the healthcare.gov debacle, cardholder data breaches, or missing the boat with Big Data in the cloud. And yet, high performers using DevOps principles, such as Google, Amazon, Facebook, Etsy, and Netflix, are routinely and reliably deploying code into production hundreds, or even thousands, of times per day. Following in the footsteps of The Phoenix Project, The DevOps Handbook shows leaders how to replicate these incredible outcomes, by showing how to integrate Product Management, Development, QA, IT Operations, and Information Security to elevate your company and win in the marketplace"-- |
| 650 #0 - SUBJECT ADDED ENTRY--TOPICAL TERM |
| Topical term or geographic name as entry element |
Agile software development. |
| 650 #0 - SUBJECT ADDED ENTRY--TOPICAL TERM |
| Topical term or geographic name as entry element |
Information technology |
| General subdivision |
Management. |
| 650 #0 - SUBJECT ADDED ENTRY--TOPICAL TERM |
| Topical term or geographic name as entry element |
Computer software |
| General subdivision |
Development. |
| 650 #0 - SUBJECT ADDED ENTRY--TOPICAL TERM |
| Topical term or geographic name as entry element |
Corporate culture. |
| 650 #0 - SUBJECT ADDED ENTRY--TOPICAL TERM |
| Topical term or geographic name as entry element |
Industrial management. |
| 650 #7 - SUBJECT ADDED ENTRY--TOPICAL TERM |
| Topical term or geographic name as entry element |
Agile software development. |
| 650 #7 - SUBJECT ADDED ENTRY--TOPICAL TERM |
| Topical term or geographic name as entry element |
Computer software |
| General subdivision |
Development. |
| 650 #7 - SUBJECT ADDED ENTRY--TOPICAL TERM |
| Topical term or geographic name as entry element |
Corporate culture. |
| 650 #7 - SUBJECT ADDED ENTRY--TOPICAL TERM |
| Topical term or geographic name as entry element |
Industrial management. |
| 650 #7 - SUBJECT ADDED ENTRY--TOPICAL TERM |
| Topical term or geographic name as entry element |
Information technology |
| General subdivision |
Management. |
| 650 #7 - SUBJECT ADDED ENTRY--TOPICAL TERM |
| Topical term or geographic name as entry element |
Agile Softwareentwicklung |
| 650 #7 - SUBJECT ADDED ENTRY--TOPICAL TERM |
| Topical term or geographic name as entry element |
DevOps |
| 655 #4 - |
| Genre/form data or focus term |
Nonfiction. |
| 655 #7 - |
| Genre/form data or focus term |
Handbooks and manuals. |
| Source of term |
fast |
| 655 #7 - |
| Genre/form data or focus term |
Handbooks and manuals. |
| Source of term |
lcgft |
| 700 1# - ADDED ENTRY--PERSONAL NAME |
| Personal name |
Debois, Patrick, |
| 700 1# - ADDED ENTRY--PERSONAL NAME |
| Personal name |
Willis, John |
| Titles and other words associated with a name |
(Writer on information technology), |
| 700 1# - ADDED ENTRY--PERSONAL NAME |
| Personal name |
Humble, Jez, |
| 700 1# - ADDED ENTRY--PERSONAL NAME |
| Personal name |
Allspaw, John, |
| 942 ## - ADDED ENTRY ELEMENTS (KOHA) |
| Source of classification or shelving scheme |
Dewey Decimal Classification |
| Koha item type |
Books |